000 00283nam a22001337a 4500
008 170623b xxu||||| |||| 00| 0 eng d
020 _a2900393927367
041 _aeng
080 _27TH
_a93
100 _a21
101 _aSHP
245 _aAMERICA
_cTINDALL, G.B
942 _2udc
_cBK
999 _c18899
_d18899